000 00373pam a2200157a 44500
008 230515b2002 xxu||||| |||| 00| 0 eng d
020 _aNULL
041 _aENGL
082 _a512.9434/ WEA.
100 _aWEAVEN W. & GERE J.M.
245 _aMATRIX ANALYSIS OF FRAMED STRUCTURES
250 _aN.D.
260 _aNULL
_bC.B.S
_c2002
300 _a492 PB
650 _aNULL
999 _c633817
_d633817